[Event "RA Fall op"]
[Site "Ottawa CAN"]
[Date "2023.09.29"]
[Round "1.5"]
[White "Sowa, Ryan"]
[Black "Jiang, Barron Jiyu"]
[Result "1-0"]
[WhiteElo "2337"]
[BlackElo "2017"]
[PlyCount "97"]
[EventDate "2023.09.29"]
[EventType "swiss"]
[EventRounds "5"]
[EventCountry "CAN"]

1. e4 c5 2. Nf3 d6 3. d4 cxd4 4. Nxd4 Nf6 5. Nc3 e5 6. Bb5+ Bd7 7. Bxd7+ Nbxd7
8. Nf5 Nc5 9. Bg5 g6 10. Ne3 Be7 11. Qf3 Ne6 12. Bxf6 Nd4 13. Qd1 Bxf6 14. Ncd5
O-O 15. c3 Ne6 16. O-O Bg5 17. Qc2 Bxe3 18. Nxe3 Qg5 19. Rad1 Rad8 20. Rd2 Kg7
21. Rfd1 f5 22. exf5 gxf5 23. Rxd6 Rxd6 24. Rxd6 Nf4 25. g3 Kh8 26. h4 Qg8 27.
Kh2 Nh5 28. Qe2 Nf6 29. Qb5 f4 30. Qxe5 fxg3+ 31. fxg3 Qg7 32. Kg2 Ne8 33.
Qxg7+ Nxg7 34. Rd7 Rb8 35. Nd5 a6 36. Nf6 Rf8 37. Rxb7 Rxf6 38. Rb8+ Ne8 39.
Rxe8+ Kg7 40. Re2 Kg6 41. g4 h5 42. gxh5+ Kxh5 43. Kg3 Rg6+ 44. Kh3 Rg1 45.
Re5+ Kh6 46. Ra5 Rh1+ 47. Kg3 Rg1+ 48. Kh2 Rg4 49. h5 1-0

[Event "RA Fall op"]
[Site "Ottawa CAN"]
[Date "2023.09.29"]
[Round "1.6"]
[White "Zhong, Ryan Yunhui"]
[Black "Wiebe, Isaac"]
[Result "0-1"]
[WhiteElo "1955"]
[BlackElo "2171"]
[PlyCount "100"]
[EventDate "2023.09.29"]
[EventType "swiss"]
[EventRounds "5"]
[EventCountry "CAN"]

1. e4 e5 2. Nf3 Nc6 3. d4 exd4 4. Nxd4 Nf6 5. Nc3 Bb4 6. Nxc6 bxc6 7. Bd3 O-O
8. O-O Re8 9. Bg5 h6 10. Bh4 g5 11. Bg3 Bxc3 12. bxc3 Nxe4 13. Qh5 d6 14. f4
Bf5 15. Qxh6 Re6 16. Qh5 Bg6 17. Qh3 f5 18. Bxe4 g4 19. Qh4 Qxh4 20. Bxh4 Rxe4
21. Rab1 Bf7 22. a3 Bc4 23. Rfe1 Rae8 24. Rxe4 Rxe4 25. Re1 Rxe1+ 26. Bxe1 Kf7
27. Kf2 Bd5 28. h3 gxh3 29. gxh3 Be4 30. Kg3 Bxc2 31. Kh4 Kg6 32. Bf2 c5 33.
Be1 Bb3 34. c4 Bxc4 35. Ba5 d5 36. Bxc7 d4 37. Kg3 Kf6 38. Bd6 d3 39. Be5+ Ke6
40. Bc3 Kd5 41. Kf3 Bb5 42. Ke3 Kc4 43. Bd2 Kb3 44. h4 Kc2 45. h5 Be8 46. h6
Bg6 47. Ba5 c4 48. Kd4 d2 49. Bxd2 Kxd2 50. Kxc4 Ke3 0-1

[Event "RA Fall op"]
[Site "Ottawa CAN"]
[Date "2023.09.29"]
[Round "1.7"]
[White "Valdizon, Armando"]
[Black "Knechtel, Thomas"]
[Result "1-0"]
[WhiteElo "2102"]
[BlackElo "1911"]
[PlyCount "67"]
[EventDate "2023.09.29"]
[EventType "swiss"]
[EventRounds "5"]
[EventCountry "CAN"]

1. e4 c5 2. g3 Nc6 3. Bg2 Nf6 4. Nc3 g6 5. d3 Bg7 6. Be3 d6 7. h3 Rb8 8. Nge2
b5 9. Qd2 b4 10. Nd1 O-O 11. f4 Nd7 12. c3 Bb7 13. O-O f5 14. g4 fxg4 15. hxg4
e6 16. g5 Nb6 17. a4 bxa3 18. Rxa3 Qe7 19. Ng3 d5 20. Qf2 d4 21. cxd4 Bxd4 22.
Bxd4 cxd4 23. e5 Qc5 24. Ne4 Qb4 25. Nf6+ Kh8 26. Qh4 Rf7 27. Be4 Ne7 28. Rxa7
Bxe4 29. dxe4 d3 30. Qh3 Nc4 31. Qxe6 Qb6+ 32. Qxb6 Rxb6 33. Ra8+ Kg7 34. Ne8+
1-0

[Event "RA Fall op"]
[Site "Ottawa CAN"]
[Date "2023.09.29"]
[Round "1.8"]
[White "Qian, Eric"]
[Black "Azar, Sebastien"]
[Result "0-1"]
[WhiteElo "2100"]
[BlackElo "2208"]
[PlyCount "128"]
[EventDate "2023.09.29"]
[EventType "swiss"]
[EventRounds "5"]
[EventCountry "CAN"]

1. Nf3 d5 2. c4 c6 3. g3 Nf6 4. Bg2 dxc4 5. a4 g6 6. Qc2 Qd5 7. Nc3 Qa5 8. O-O
Bg7 9. Nd1 Qb4 10. Ne3 Be6 11. a5 Na6 12. Ra4 Qb3 13. Qxb3 cxb3 14. Nd4 Nc5 15.
Rb4 O-O-O 16. Nxe6 Nxe6 17. Bh3 Nd5 18. Rxb3 f5 19. Nxd5 Rxd5 20. a6 b6 21. e4
Ra5 22. exf5 gxf5 23. Re3 Ng5 24. Bg2 Bf6 25. Bxc6 Rxa6 26. h4 Nf7 27. b4 Rd8
28. Ba3 Nd6 29. Rc1 Rxa3 30. Rxa3 Bb2 31. Raa1 Bxa1 32. Rxa1 Kc7 33. b5 a5 34.
Re1 Nc8 35. Rc1 Kd6 36. d4 e6 37. Bf3 Ne7 38. Kf1 Rc8 39. Rd1 Rc3 40. Bh5 Nd5
41. Ke2 Rb3 42. Rc1 Rxb5 43. Be8 Rb2+ 44. Kf3 Rb3+ 45. Ke2 Nf6 46. Bc6 b5 47.
Rc5 b4 48. Ba4 Rb2+ 49. Kf3 Ne4 50. Rxa5 Rxf2+ 51. Ke3 Rg2 52. Ra6+ Ke7 53.
Ra7+ Kf6 54. Rxh7 Rxg3+ 55. Kf4 Rg4+ 56. Kf3 b3 57. Rb7 Rxh4 58. Kg2 Nc5 59.
dxc5 Rxa4 60. Rxb3 Rc4 61. Rb8 Ke5 62. Kf3 Rc3+ 63. Ke2 Kd5 64. Rb5 Rxc5 0-1

[Event "RA Fall op"]
[Site "Ottawa CAN"]
[Date "2023.09.29"]
[Round "1.10"]
[White "Zhong, April"]
[Black "Yang, Ryan"]
[Result "0-1"]
[WhiteElo "1928"]
[BlackElo "2217"]
[PlyCount "74"]
[EventDate "2023.09.29"]
[EventType "swiss"]
[EventRounds "5"]
[EventCountry "CAN"]

1. e4 c5 2. Nf3 e6 3. c3 Nf6 4. Bd3 Nc6 5. O-O b6 6. Qe2 Bb7 7. Bc2 Qc7 8. d4
cxd4 9. Nxd4 Rc8 10. Nb5 Qb8 11. Rd1 a6 12. Nd4 b5 13. a4 Nxd4 14. cxd4 Qc7 15.
e5 Qxc2 16. Qxc2 Rxc2 17. exf6 b4 18. fxg7 Bxg7 19. Be3 Rxb2 20. Rc1 O-O 21.
Nd2 Bd5 22. Nc4 Bxc4 23. Rxc4 f5 24. Bf4 d5 25. Rc6 Bxd4 26. Bg3 Rc2 27. Rxc2
Bxa1 28. Bd6 b3 29. Rc1 b2 30. Rb1 Rc8 31. Bf4 Rc4 32. Bd2 Rxa4 33. f3 Rc4 34.
Kf2 a5 35. Ke2 a4 36. Kd3 a3 37. Bc3 a2 0-1

[Event "RA Fall op"]
[Site "Ottawa CAN"]
[Date "2023.09.30"]
[Round "2.1"]
[White "Azar, Sebastien"]
[Black "Sambuev, Bator"]
[Result "0-1"]
[WhiteElo "2208"]
[BlackElo "2483"]
[PlyCount "100"]
[EventDate "2023.09.29"]
[EventType "swiss"]
[EventRounds "5"]
[EventCountry "CAN"]

1. e4 e6 2. d4 d5 3. e5 c5 4. c3 Nc6 5. Nf3 Qb6 6. Bd3 cxd4 7. cxd4 Bd7 8. Bc2
Nb4 9. Ba4 Bxa4 10. Qxa4+ Qc6 11. Qxc6+ bxc6 12. Na3 Rb8 13. Kd2 c5 14. b3 Nc6
15. Nc2 Nh6 16. h3 Nf5 17. Ba3 Nfxd4 18. Ncxd4 cxd4 19. Bxf8 Rxf8 20. Rhc1 Kd7
21. Rc5 Rfc8 22. Rac1 h6 23. Kd3 Rb4 24. Kd2 Rbb8 25. Kd3 a6 26. g4 Nb4+ 27.
Kd2 Rxc5 28. Rxc5 Nc6 29. Kd3 Rb4 30. Kd2 f6 31. exf6 gxf6 32. Rc1 a5 33. Ne1
e5 34. Ng2 a4 35. Kc2 axb3+ 36. axb3 d3+ 37. Kc3 e4 38. Kb2 Nd4 39. Ne3 Rxb3+
40. Ka2 Rb5 41. Rd1 Ne2 42. Ka3 Nc3 43. Rc1 d4 44. Nc4 Rc5 45. Kb4 Rxc4+ 46.
Kxc4 d2 47. Ra1 d1=Q 48. Rxd1 Nxd1 49. Kxd4 Nxf2 50. Ke3 Nxh3 0-1

[Event "RA Fall op"]
[Site "Ottawa CAN"]
[Date "2023.09.30"]
[Round "2.3"]
[White "Dukic, Zachary"]
[Black "Adam, Rafael"]
[Result "1-0"]
[WhiteElo "2401"]
[BlackElo "2214"]
[PlyCount "95"]
[EventDate "2023.09.29"]
[EventType "swiss"]
[EventRounds "5"]
[EventCountry "CAN"]

1. e4 e5 2. Nf3 Nc6 3. Bb5 a6 4. Ba4 Nf6 5. O-O Be7 6. d3 b5 7. Bb3 d6 8. a3
Na5 9. Ba2 c5 10. Nc3 Be6 11. Nh4 c4 12. Nf5 Bxf5 13. exf5 d5 14. Bg5 Qd7 15.
Qf3 Rd8 16. Rad1 Qb7 17. Rfe1 O-O 18. Rxe5 Nc6 19. Bxf6 Bxf6 20. Rxd5 Nd4 21.
Qe4 Rde8 22. Re5 Qd7 23. Rxe8 Rxe8 24. Qd5 Qxd5 25. Nxd5 cxd3 26. cxd3 Re2 27.
Rc1 Bd8 28. g4 Kf8 29. Rc8 Ke8 30. Nf4 Rxb2 31. Bxf7+ Kd7 32. Ra8 Bh4 33. Nh3
Rd2 34. Rxa6 Rxd3 35. Kg2 Nc2 36. Be6+ Ke8 37. Ra8+ Ke7 38. Ra7+ Kf8 39. Rf7+
Ke8 40. Rxg7 Ne1+ 41. Kf1 Nf3 42. Nf4 Rd2 43. Nh3 h6 44. Rg6 Be7 45. Rg8+ Bf8
46. Nf4 Ng5 47. Ng6 Nh7 48. Rh8 1-0

[Event "RA Fall op"]
[Site "Ottawa CAN"]
[Date "2023.09.30"]
[Round "2.4"]
[White "Yang, Ryan"]
[Black "Sowa, Ryan"]
[Result "1/2-1/2"]
[WhiteElo "2217"]
[BlackElo "2337"]
[PlyCount "56"]
[EventDate "2023.09.29"]
[EventType "swiss"]
[EventRounds "5"]
[EventCountry "CAN"]

1. e4 g6 2. d4 Bg7 3. Nf3 d6 4. Be2 Nf6 5. Nc3 O-O 6. O-O Nc6 7. h3 e5 8. dxe5
Nxe5 9. Nxe5 dxe5 10. Be3 Be6 11. Qxd8 Rfxd8 12. Rfd1 Rxd1+ 13. Rxd1 c6 14. a3
Bf8 15. Bg5 Kg7 16. Bxf6+ Kxf6 17. Bg4 Be7 18. Bxe6 Kxe6 19. Kf1 Rd8 20. Rxd8
Bxd8 21. Ke2 Be7 22. a4 Bc5 23. b3 Bd4 24. Nd1 b5 25. axb5 cxb5 26. c3 Bb6 27.
b4 f5 28. f3 f4 1/2-1/2

[Event "RA Fall op"]
[Site "Ottawa CAN"]
[Date "2023.09.30"]
[Round "2.5"]
[White "Wiebe, Isaac"]
[Black "Lin, Leo"]
[Result "0-1"]
[WhiteElo "2171"]
[BlackElo "2211"]
[PlyCount "42"]
[EventDate "2023.09.29"]
[EventType "swiss"]
[EventRounds "5"]
[EventCountry "CAN"]

1. d4 Nf6 2. c4 g6 3. Nc3 d5 4. cxd5 Nxd5 5. e4 Nxc3 6. bxc3 Bg7 7. Nf3 c5 8.
Rb1 O-O 9. Be2 Nc6 10. d5 Ne5 11. Nxe5 Bxe5 12. Bd2 e6 13. f4 Bg7 14. Bc4 exd5
15. Bxd5 Qh4+ 16. g3 Qh3 17. Kf2 Rd8 18. Qf1 Qh5 19. Qc4 Be6 20. Rxb7 Rxd5 21.
exd5 Bxd5 0-1

[Event "RA Fall op"]
[Site "Ottawa CAN"]
[Date "2023.09.30"]
[Round "2.7"]
[White "Latorre, Vincent"]
[Black "Xu, Daniel"]
[Result "0-1"]
[WhiteElo "2214"]
[BlackElo "2339"]
[PlyCount "138"]
[EventDate "2023.09.29"]
[EventType "swiss"]
[EventRounds "5"]
[EventCountry "CAN"]

1. e4 c5 2. Nf3 d6 3. d4 cxd4 4. Nxd4 Nf6 5. Nc3 a6 6. h4 e5 7. Nb3 Be6 8. f4
exf4 9. Bxf4 Nc6 10. Be2 Be7 11. Qd2 b5 12. O-O-O Ne5 13. Nd4 Qc7 14. Nd5 Nxd5
15. Nxe6 fxe6 16. exd5 Nc4 17. Bxc4 Qxc4 18. b3 Qxd5 19. Qxd5 exd5 20. Rxd5
O-O-O 21. Rhd1 Kc7 22. c4 Kc6 23. Kc2 Rhf8 24. g3 g6 25. Re1 Rfe8 26. Red1 Rf8
27. Re1 Rfe8 28. Red1 Rf8 29. R1d3 Rfe8 30. Kd2 Rf8 31. Re3 Rfe8 32. Red3 Rf8
33. R5d4 Rf5 34. Re4 Bf8 35. g4 Rf7 36. Red4 Be7 37. cxb5+ axb5 38. Rc3+ Kd7
39. g5 Rdf8 40. Ke3 Ra8 41. a4 Rf5 42. Rcd3 Ra6 43. axb5 Rxb5 44. Rd5 Rbb6 45.
R5d4 Ra1 46. Kf3 Rb1 47. b4 R1xb4 48. Kg4 Rxd4 49. Rxd4 Rb1 50. Bg3 Rb5 51. Rf4
Ke8 52. Rd4 d5 53. h5 Kd7 54. hxg6 hxg6 55. Ra4 Rb4+ 56. Rxb4 Bxb4 57. Bf2 Bd2
58. Bd4 Kc6 59. Bf6 Kc5 60. Kf3 Kc4 61. Ke2 Bc1 62. Kd1 Bf4 63. Ke2 d4 64. Kf3
Bc1 65. Ke2 d3+ 66. Ke1 Be3 67. Be7 Kd5 68. Kf1 Ke4 69. Bf6 Kf5 0-1

[Event "RA Fall op"]
[Site "Ottawa CAN"]
[Date "2023.09.30"]
[Round "2.9"]
[White "Berube, Maximilien"]
[Black "Latreille, Etienne"]
[Result "1-0"]
[WhiteElo "1982"]
[BlackElo "2178"]
[PlyCount "119"]
[EventDate "2023.09.29"]
[EventType "swiss"]
[EventRounds "5"]
[EventCountry "CAN"]

1. e4 c5 2. Nf3 Nc6 3. Bb5 g6 4. Bxc6 dxc6 5. d3 Bg7 6. O-O e5 7. Be3 Qe7 8.
Nbd2 Nf6 9. h3 O-O 10. Nc4 Nd7 11. Qe2 Re8 12. a4 a5 13. Qd2 b6 14. Rae1 Ba6
15. b3 Rad8 16. Bg5 f6 17. Be3 Qe6 18. Nxb6 Nxb6 19. Qxa5 Bxd3 20. cxd3 Nd7 21.
Rb1 Bf8 22. Qc3 Qd6 23. Rfd1 Be7 24. Nd2 Nf8 25. Nc4 Qc7 26. Qa5 Rc8 27. Qxc7
Rxc7 28. Rdc1 Ne6 29. Kf1 Rb8 30. Rc2 Ra7 31. Ra2 Ra6 32. Ke2 Kf8 33. g3 g5 34.
Rab2 Ke8 35. Kf3 h5 36. Ke2 Kd7 37. Rh1 Ra7 38. h4 g4 39. Rhb1 Bd8 40. f3 gxf3+
41. Kxf3 Nd4+ 42. Bxd4 cxd4 43. g4 hxg4+ 44. Kxg4 Ke6 45. Kf3 Rh7 46. Rh1 f5
47. exf5+ Kxf5 48. h5 Rh6 49. b4 Bc7 50. b5 cxb5 51. axb5 Rf8 52. b6 Ke6+ 53.
Ke2 Bb8 54. Rb5 Rfh8 55. Rc5 Kd7 56. Ra5 Kc6 57. Nxe5+ Kxb6 58. Nc4+ Kc7 59.
Rd5 Kc6 60. Ra5 1-0

[Event "RA Fall op"]
[Site "Ottawa CAN"]
[Date "2023.09.30"]
[Round "2.10"]
[White "Kot, Emanuel"]
[Black "Gao, Lucy"]
[Result "1-0"]
[WhiteElo "2114"]
[BlackElo "1867"]
[PlyCount "67"]
[EventDate "2023.09.29"]
[EventType "swiss"]
[EventRounds "5"]
[EventCountry "CAN"]

1. e4 c5 2. Nf3 g6 3. c3 d5 4. e5 a6 5. d4 cxd4 6. cxd4 Bg4 7. Bd3 Nc6 8. Nbd2
Nh6 9. h3 Bf5 10. Nb3 Rc8 11. a3 Be4 12. O-O Nf5 13. Ng5 Bxd3 14. Qxd3 h6 15.
Nf3 e6 16. Bd2 Be7 17. Rac1 h5 18. Rc2 g5 19. g4 Nh4 20. Nxh4 gxh4 21. f4 hxg4
22. hxg4 Kd7 23. g5 Qg8 24. Be3 Qg7 25. Kh2 Rcg8 26. Kh3 Rh5 27. Rg2 Rgh8 28.
f5 Bxg5 29. Rfg1 f6 30. Nc5+ Ke8 31. exf6 Qxf6 32. Rxg5 exf5 33. Qe2 Ne7 34.
Rxh5 1-0

[Event "RA Fall op"]
[Site "Ottawa CAN"]
[Date "2023.09.30"]
[Round "3.1"]
[White "Sambuev, Bator"]
[Black "Dukic, Zachary"]
[Result "1-0"]
[WhiteElo "2578"]
[BlackElo "2337"]
[PlyCount "114"]
[EventDate "2023.09.29"]
[EventType "swiss"]
[EventRounds "5"]
[EventCountry "CAN"]

1. d4 Nf6 2. c4 g6 3. Nc3 Bg7 4. e4 d6 5. Be2 O-O 6. h4 c5 7. d5 e6 8. h5 exd5
9. exd5 Re8 10. h6 Bh8 11. Bg5 Qb6 12. b3 Ne4 13. Nxe4 Rxe4 14. Rc1 Na6 15. Kf1
Nb4 16. Qd2 Qa5 17. a4 Bd7 18. Rh4 Rxh4 19. Bxh4 Nc6 20. Qe1 Qxe1+ 21. Rxe1 Nd4
22. Bd1 Re8 23. Rxe8+ Bxe8 24. g4 Kf8 25. Nh3 f6 26. f3 Bd7 27. Bg3 Ke7 28. Kf2
Be8 29. Ke3 Bf7 30. b4 b6 31. bxc5 bxc5 32. a5 f5 33. Ng5 Bg8 34. Kd3 Bf6 35.
Bf4 Kd7 36. Ba4+ Kc7 37. gxf5 Bxg5 38. Bxg5 Nxf3 39. Bf6 gxf5 40. Ke3 Ne5 41.
Bxe5 dxe5 42. Bc2 e4 43. Kf4 Bf7 44. Kxf5 e3 45. Bd1 Bg6+ 46. Ke6 Bd3 47. Ke7
Bf5 48. Be2 Bh3 49. Bf3 Bf5 50. Bd1 Bh3 51. Be2 Bd7 52. d6+ Kc8 53. Kf6 Kb7 54.
Ke5 Ka6 55. Kf4 Kxa5 56. Kxe3 Bf5 57. Bd3 Bxd3 1-0

[Event "RA Fall op"]
[Site "Ottawa CAN"]
[Date "2023.09.30"]
[Round "3.3"]
[White "Xu, Daniel"]
[Black "Liu, Zachary"]
[Result "1/2-1/2"]
[WhiteElo "2339"]
[BlackElo "2213"]
[PlyCount "126"]
[EventDate "2023.09.29"]
[EventType "swiss"]
[EventRounds "5"]
[EventCountry "CAN"]

1. e4 c5 2. Nf3 d6 3. d4 cxd4 4. Nxd4 Nf6 5. Nc3 g6 6. Be3 Bg7 7. f3 O-O 8. Qd2
Nc6 9. Bc4 Bd7 10. O-O-O Rc8 11. Bb3 Ne5 12. Kb1 Nc4 13. Bxc4 Rxc4 14. g4 Qc7
15. Nce2 e5 16. Nb3 Rc8 17. c3 Ne8 18. h4 a5 19. h5 a4 20. Nbc1 a3 21. b3 Rxc3
22. Nxc3 Qxc3 23. Qxc3 Rxc3 24. Rd3 Rc8 25. Ne2 f5 26. hxg6 hxg6 27. gxf5 gxf5
28. Nc3 Bf8 29. Bc1 Ra8 30. Nd5 Be6 31. b4 Rc8 32. Rc3 Rxc3 33. Nxc3 Nf6 34.
Re1 d5 35. Nxd5 Nxd5 36. exd5 Bxd5 37. Rxe5 Bxf3 38. Kc2 Be4+ 39. Kb3 Kf7 40.
Bf4 Bg7 41. Rc5 Bb2 42. Bc1 Bd4 43. Rc7+ Ke6 44. Kxa3 Be5 45. Rc4 Kd5 46. Rc5+
Ke6 47. Be3 f4 48. Bf2 Bd5 49. Rc2 Kf5 50. Bc5 Be4 51. Rd2 f3 52. Kb3 Bg3 53.
a4 Be1 54. Rd8 Kf4 55. Rf8+ Kg3 56. Kc4 f2 57. a5 Bf3 58. Bxf2+ Bxf2 59. Rf7
Be1 60. Kb5 Bd2 61. Kc5 Be3+ 62. Kd6 Bd2 63. Kc5 Be3+ 1/2-1/2

[Event "RA Fall op"]
[Site "Ottawa CAN"]
[Date "2023.09.30"]
[Round "3.4"]
[White "Sowa, Ryan"]
[Black "Kot, Emanuel"]
[Result "1/2-1/2"]
[WhiteElo "2337"]
[BlackElo "2114"]
[PlyCount "116"]
[EventDate "2023.09.29"]
[EventType "swiss"]
[EventRounds "5"]
[EventCountry "CAN"]

1. d4 Nf6 2. Nc3 d5 3. Bf4 e6 4. Nb5 Na6 5. e3 c6 6. Nc3 b6 7. Nf3 Bb7 8. a3
Nc7 9. Ne5 Nd7 10. Bd3 Be7 11. Qh5 Nxe5 12. Qxe5 Kd7 13. Qxg7 Qg8 14. Qxg8
Raxg8 15. Bg3 c5 16. dxc5 bxc5 17. O-O-O Kc8 18. Nb5 Nxb5 19. Bxb5 h5 20. h4 a6
21. Be2 c4 22. c3 f5 23. Be5 Rh7 24. Bf3 a5 25. g3 a4 26. Rhe1 Bd8 27. Rd2 Bc6
28. Bd1 Bc7 29. Bxc7 Kxc7 30. Bc2 Rhg7 31. Rd4 Rb8 32. Rf4 Rbg8 33. Rd4 Rb8 34.
Bd1 Rh8 35. Rd2 Be8 36. Rg1 Rhg8 37. Re2 Kd6 38. Ree1 Bf7 39. Bxa4 e5 40. Bd1
Kc5 41. Rgf1 Be8 42. Bf3 Rb7 43. Rd1 Bf7 44. Rd2 e4 45. Be2 Be8 46. Rfd1 Bf7
47. Rd4 Rgb8 48. R1d2 Rg8 49. Bd1 Ra7 50. b4+ cxb3 51. Bxb3 Rd8 52. Kb2 Rb8 53.
Rb4 Rg8 54. a4 Ra5 55. Rb7 Be6 56. Re7 Kd6 57. Rh7 Rc8 58. Rd4 Rac5 {
Unreadable. Draw in 95 moves.} 1/2-1/2

[Event "RA Fall op"]
[Site "Ottawa CAN"]
[Date "2023.09.30"]
[Round "3.5"]
[White "Yang, Ryan"]
[Black "Guillemette, Hugo"]
[Result "1-0"]
[WhiteElo "2217"]
[BlackElo "2103"]
[PlyCount "99"]
[EventDate "2023.09.29"]
[EventType "swiss"]
[EventRounds "5"]
[EventCountry "CAN"]

1. e4 c5 2. Nf3 e6 3. b3 a6 4. c4 Nc6 5. Bb2 d6 6. d4 cxd4 7. Nxd4 Bd7 8. Nc3
Nf6 9. Nxc6 Bxc6 10. Bd3 Be7 11. O-O O-O 12. Qe2 Re8 13. Rad1 Qc7 14. f4 Nd7
15. Kh1 Bf6 16. Bb1 Rad8 17. Qc2 g6 18. Qf2 Bg7 19. Rfe1 Qa5 20. Qg3 Nf6 21. e5
dxe5 22. Rxd8 Rxd8 23. fxe5 Nd7 24. Ne4 Bxe4 25. Bxe4 Qxa2 26. Bd4 Qa5 27. Bc3
Qc7 28. Bc2 b5 29. Qf4 bxc4 30. bxc4 Rc8 31. Bd3 Nc5 32. Bf1 Qb7 33. h4 Rd8 34.
Kh2 Nd3 35. Bxd3 Rxd3 36. Re3 Rd7 37. h5 Qc7 38. hxg6 fxg6 39. Bb4 Rf7 40. Qe4
Bh6 41. Bd6 Qd8 42. Rf3 Rxf3 43. gxf3 Bf8 44. c5 a5 45. Kh3 Bg7 46. c6 Bf8 47.
c7 Qc8 48. Qc6 Kf7 49. Kg3 Bg7 50. Qb5 1-0

[Event "RA Fall op"]
[Site "Ottawa CAN"]
[Date "2023.09.30"]
[Round "3.6"]
[White "Valdizon, Armando"]
[Black "Berube, Maximilien"]
[Result "1-0"]
[WhiteElo "2102"]
[BlackElo "1982"]
[PlyCount "87"]
[EventDate "2023.09.29"]
[EventType "swiss"]
[EventRounds "5"]
[EventCountry "CAN"]

1. e4 c6 2. d4 d5 3. e5 Bf5 4. g4 Be4 5. f3 Bg6 6. h4 h5 7. e6 hxg4 8. exf7+
Bxf7 9. fxg4 e5 10. Nf3 e4 11. Ng5 Qc7 12. Be3 Bd6 13. h5 Nf6 14. Be2 Bg3+ 15.
Kd2 Bf4 16. Qg1 Na6 17. Nc3 O-O-O 18. Rf1 Bxe3+ 19. Qxe3 Rdf8 20. Rf4 Qe7 21.
Rhf1 Be8 22. Bxa6 bxa6 23. Rg1 Bd7 24. a3 c5 25. dxc5 Rd8 26. Qd4 Bc6 27. Ne2
Rhf8 28. Nh3 Nd7 29. Rgf1 Nxc5 30. Rxf8 Rxf8 31. Rxf8+ Qxf8 32. Nhf4 Bb5 33. b4
e3+ 34. Kxe3 Bxe2 35. Kxe2 Ne4 36. Nxd5 Ng3+ 37. Kd2 Qd8 38. c4 Qg5+ 39. Qf4
Ne4+ 40. Ke3 Qxf4+ 41. Kxf4 Nd2 42. c5 a5 43. g5 axb4 44. axb4 1-0

[Event "RA Fall op"]
[Site "Ottawa CAN"]
[Date "2023.09.30"]
[Round "3.7"]
[White "Saha, Ananda"]
[Black "Wiebe, Isaac"]
[Result "1/2-1/2"]
[WhiteElo "2216"]
[BlackElo "2171"]
[PlyCount "160"]
[EventDate "2023.09.29"]
[EventType "swiss"]
[EventRounds "5"]
[EventCountry "CAN"]

1. Nf3 d5 2. g3 Bg4 3. Bg2 c6 4. h3 Bh5 5. O-O Nd7 6. d4 Ngf6 7. c4 e6 8. cxd5
cxd5 9. Nc3 Be7 10. Bf4 O-O 11. Qb3 Qb6 12. Qxb6 Nxb6 13. g4 Bg6 14. Ne5 Rac8
15. Nxg6 hxg6 16. Rac1 a6 17. Nb1 Nfd7 18. b3 Bf6 19. Be3 Nb8 20. g5 Be7 21. h4
Nc6 22. Bf3 Nb4 23. a4 Nc2 24. Rfd1 Nxe3 25. fxe3 Bb4 26. Kf2 Rfd8 27. Bg2 Kf8
28. Bf3 Ke7 29. Bg2 Rh8 30. Kg3 Bd6+ 31. Kg4 Bb4 32. e4 dxe4 33. Bxe4 Nd5 34.
Rxc8 Rxc8 35. Kf3 Rc7 36. Bd3 Nc3 37. Nxc3 Rxc3 38. Rb1 a5 39. Ke4 b6 40. e3
f5+ 41. gxf6+ gxf6 42. Bc4 f5+ 43. Kf3 Kf6 44. Rh1 e5 45. dxe5+ Kxe5 46. Rd1
Bc5 47. Rd3 Rc1 48. Rd5+ Kf6 49. Rd7 Rh1 50. e4 Rh3+ 51. Kg2 Rxh4 52. exf5 gxf5
53. Kf3 Rh3+ 54. Kg2 Rc3 55. Rd3 Rc2+ 56. Kg3 Rc1 57. Rd5 Rc3+ 58. Kf4 Be3+ 59.
Kf3 Bg1+ 60. Rd3 Rc1 61. Rd5 Rc3+ 62. Rd3 Rxd3+ 63. Bxd3 Ke5 64. Bc4 Bc5 65.
Bf1 Bd6 66. Bd3 Bc7 67. Bc2 Bd8 68. Bd1 Bg5 69. Be2 Kd4 70. Bc4 Bc1 71. Be6 Ke5
72. Bc4 Ba3 73. Ba6 Bf8 74. Bf1 Bg7 75. Bg2 Kd4 76. Bf1 Kc3 77. Bc4 Be5 78. Be6
Bd6 79. Bxf5 Kxb3 80. Bd7 Ba3 1/2-1/2

[Event "RA Fall op"]
[Site "Ottawa CAN"]
[Date "2023.09.30"]
[Round "3.8"]
[White "Moses, Neil"]
[Black "Azar, Sebastien"]
[Result "0-1"]
[WhiteElo "1969"]
[BlackElo "2208"]
[PlyCount "74"]
[EventDate "2023.09.29"]
[EventType "swiss"]
[EventRounds "5"]
[EventCountry "CAN"]

1. Nf3 d5 2. d4 Nf6 3. g3 c6 4. Bg2 Bf5 5. c4 e6 6. Nc3 Nbd7 7. Qb3 Qb6 8. c5
Qa6 9. Nh4 Bg4 10. h3 Bh5 11. g4 Bg6 12. Nxg6 hxg6 13. Qa4 Qxa4 14. Nxa4 b6 15.
b4 a5 16. Bf4 axb4 17. Nxb6 Nxb6 18. cxb6 O-O-O 19. O-O Kb7 20. Rfb1 Ra8 21.
Bd2 Ra4 22. Rb2 Bd6 23. Rab1 Rha8 24. Bxb4 Bxb4 25. Rxb4 Rxb4 26. Rxb4 Rxa2 27.
Bf3 Nd7 28. g5 Nxb6 29. e3 Kc7 30. Kg2 Nc4 31. Kg3 Ra3 32. Kf4 Ra2 33. Kg3 Nd6
34. Rb3 f6 35. Rc3 Nf5+ 36. Kg2 Ra1 37. Rc2 Nh4+ 0-1

[Event "RA Fall op"]
[Site "Ottawa CAN"]
[Date "2023.09.30"]
[Round "3.10"]
[White "Adam, Rafael"]
[Black "Zhong, Ryan Yunhui"]
[Result "1-0"]
[WhiteElo "2214"]
[BlackElo "1955"]
[PlyCount "81"]
[EventDate "2023.09.29"]
[EventType "swiss"]
[EventRounds "5"]
[EventCountry "CAN"]

1. e4 e6 2. d4 d5 3. exd5 exd5 4. c4 Nf6 5. Nc3 Nc6 6. Nf3 Bb4 7. Bg5 Qe7+ 8.
Be2 dxc4 9. O-O Be6 10. Re1 O-O-O 11. Bxc4 h6 12. Bh4 g5 13. Bg3 g4 14. Bxe6+
fxe6 15. Ne5 Nxe5 16. Bxe5 Rhg8 17. Qa4 Bxc3 18. bxc3 Kb8 19. Rab1 Nd5 20. Qb3
b6 21. c4 Nf6 22. a4 Nd7 23. c5 Nxe5 24. Rxe5 Rxd4 25. a5 Rgd8 26. axb6 cxb6
27. cxb6 a6 28. Rbe1 R4d6 29. g3 Re8 30. Ra5 Qb7 31. Qa4 Rf8 32. Rxa6 Rxb6 33.
Rxb6 Qxb6 34. Qa2 Kc7 35. Rxe6 Qc5 36. Qd2 h5 37. Re1 Qd6 38. Qc2+ Kd7 39. Rd1
Qxd1+ 40. Qxd1+ Ke7 41. Qd5 1-0

[Event "RA Fall op"]
[Site "Ottawa CAN"]
[Date "2023.10.01"]
[Round "4.2"]
[White "Liu, Zachary"]
[Black "Yang, Ryan"]
[Result "1/2-1/2"]
[WhiteElo "2213"]
[BlackElo "2217"]
[PlyCount "43"]
[EventDate "2023.09.29"]
[EventType "swiss"]
[EventRounds "5"]
[EventCountry "CAN"]

1. e4 Nf6 2. Nc3 d5 3. exd5 Nxd5 4. Bc4 e6 5. Nf3 Nxc3 6. bxc3 Nd7 7. d4 Nf6 8.
Bg5 h6 9. Bh4 Be7 10. O-O O-O 11. Ne5 Nd7 12. Bxe7 Qxe7 13. Qe2 Nxe5 14. Qxe5
Qd6 15. Qe4 Rb8 16. Bd3 g6 17. Rab1 Bd7 18. Qe3 Kg7 19. Be4 Bc6 20. c4 Bxe4 21.
Qxe4 b6 22. Rfd1 1/2-1/2

[Event "RA Fall op"]
[Site "Ottawa CAN"]
[Date "2023.10.01"]
[Round "4.3"]
[White "Stoica, Savas Marin"]
[Black "Xu, Daniel"]
[Result "0-1"]
[WhiteElo "2200"]
[BlackElo "2339"]
[PlyCount "64"]
[EventDate "2023.09.29"]
[EventType "swiss"]
[EventRounds "5"]
[EventCountry "CAN"]

1. d4 Nf6 2. c4 g6 3. h4 Bg7 4. Nc3 d6 5. e4 c5 6. d5 e6 7. Be2 exd5 8. exd5 h5
9. Nf3 O-O 10. Bg5 Qb6 11. b3 Bf5 12. Rc1 Ne4 13. Nxe4 Bxe4 14. Bd3 Bxd3 15.
Qxd3 Re8+ 16. Kf1 Qa5 17. Qd2 Qa3 18. Bf4 Na6 19. Re1 Nb4 20. Bxd6 Nxa2 21. Re3
Rxe3 22. Qxe3 Nc3 23. g3 Qxb3 24. Nd2 Qc2 25. Bxc5 b5 26. d6 Qf5 27. Kg2 bxc4
28. Bxa7 Qd5+ 29. Kh2 Rxa7 30. Qxa7 Qxd2 31. d7 Bf6 32. Qb6 Kg7 0-1

[Event "RA Fall op"]
[Site "Ottawa CAN"]
[Date "2023.10.01"]
[Round "4.4"]
[White "Dukic, Zachary"]
[Black "Lin, Leo"]
[Result "1-0"]
[WhiteElo "2401"]
[BlackElo "2211"]
[PlyCount "139"]
[EventDate "2023.09.29"]
[EventType "swiss"]
[EventRounds "5"]
[EventCountry "CAN"]

1. e4 d6 2. d4 Nf6 3. Nc3 e5 4. Nf3 exd4 5. Nxd4 Be7 6. Bf4 O-O 7. Qd2 d5 8.
Ndb5 Bb4 9. O-O-O c6 10. Nc7 Nxe4 11. Qd4 Bxc3 12. bxc3 Qe7 13. c4 Qa3+ 14. Qb2
Qa5 15. cxd5 Nxf2 16. Be2 Na6 17. Nxa8 Nxh1 18. Rxh1 Nb4 19. Bc4 Qc5 20. Bd2
Nxd5 21. Bxd5 Qxd5 22. Bf4 Qxg2 23. Re1 Bf5 24. Nc7 Bg6 25. Ne8 f6 26. Nd6 b5
27. Qb3+ Kh8 28. Nf7+ Kg8 29. Nh6+ Kh8 30. Nf7+ Kg8 31. Ne5+ Kh8 32. Nxg6+ hxg6
33. Re3 Qd5 34. Qxd5 cxd5 35. h4 Rc8 36. Ra3 Rc4 37. Bg3 Rg4 38. Be1 g5 39.
hxg5 Rxg5 40. Rxa7 Rg1 41. Kd2 Rg2+ 42. Kd3 f5 43. Rb7 Rg1 44. Bf2 Rd1+ 45. Ke2
Ra1 46. Rxg7 Rxa2 47. Rc7 b4 48. Kf3 Ra3+ 49. Kf4 Kg8 50. Bd4 b3 51. c3 Ra1 52.
Rb7 Rb1 53. Ke5 b2 54. Kxd5 f4 55. Kc4 f3 56. Bf2 Kf8 57. Rb3 Ke8 58. Kb4 Kd7
59. c4 Kc6 60. c5 Kd5 61. Kb5 Ke4 62. c6 Kd5 63. Rd3+ Ke6 64. Rd2 Ke7 65. Kb6
Rc1 66. Rxb2 Kd8 67. Kb7 Ke7 68. c7 Kd7 69. c8=Q+ Rxc8 70. Rd2+ 1-0